The Quays Food Court - Surrey Quays Shopping Centre (Record no. 15931)

MARC details
000 -LEADER
fixed length control field 00701cab a2200193 4500
001 - CONTROL NUMBER
control field ABS40430
008 - FIXED-LENGTH DATA ELEMENTS--GENERAL INFORMATION
fixed length control field 090401t1989 xxu||||| |||| 00| 0 eng d
035 ## - SYSTEM CONTROL NUMBER
System control number (Sirsi) u23794
041 ## - LANGUAGE CODE
Language code of text/sound track or separate title eng
100 ## - MAIN ENTRY--PERSONAL NAME
Personal name Chambers, M.G.
245 #4 - TITLE STATEMENT
Title The Quays Food Court - Surrey Quays Shopping Centre
260 ## - PUBLICATION, DISTRIBUTION, ETC.
Date of publication, distribution, etc. 1989
350 ## - PRICE (NR) (BK AM CF MU VM SE) [OBSOLETE]
Price 0
490 ## - SERIES STATEMENT
Series statement Property Journal
Volume/sequential designation 14(1) February 1989, 8(1)
520 ## - SUMMARY, ETC.
Summary, etc. Describes the food court concept, highlighting requirements for a successful venture. Reports on the Quays Food Court at Surrey Quays Shopping Centre in London and lists the criteria for selecting suitable operators.
690 ## - LOCAL SUBJECT ADDED ENTRY--TOPICAL TERM (OCLC, RLIN)
Topical term or geographic name as entry element PROPERTY-COMMERCIAL PROPERTY
942 ## - ADDED ENTRY ELEMENTS (KOHA)
Suppress in OPAC 0
948 ## - LOCAL PROCESSING INFORMATION (OCLC); SERIES PART DESIGNATOR (RLIN)
c (OCLC) 04/03/1997
Holdings
Withdrawn status Lost status Source of classification or shelving scheme Damaged status Not for loan Home library Current library Shelving location Date acquired Total Checkouts Full call number Barcode Date last seen Copy number Price effective from Koha item type
    Dewey Decimal Classification     London London Journal article 14/09/1999   ABS40430 23794-1001 06/08/2019 1 06/08/2019 Journal article